000 00475nam a2200181Ia 4500
999 _c27983
_d27983
003 OSt
005 20201112131740.0
008 190216s9999||||xx |||||||||||||| ||und||
020 _a8171308309
040 _coclc
082 _a894.8123
_bVAL/C
100 _aValsala, P
_96547
245 0 _aChaver /
_cP Valsala
260 _bDc Books,
_a Kottayam:
_c1998.
300 _a383p
650 _aNovel
942 _cBK
_2ddc
_h894.8123
_iVAL/C
_k894.8123
_mVAL/C